Plan de acción a acorto plazo (1973-1975)

Uloženo v:
Podrobná bibliografie
Médium: Text
Tagy: Přidat tag
Žádné tagy, Buďte první, kdo vytvoří štítek k tomuto záznamu!

MARC

LEADER 00000 a a2200000 04500
001 2568
003
040
245 |a Plan de acción a acorto plazo (1973-1975)  
773 |g número 140; páginas 6-9  
999 |c 27070  |d 27070